Comedias escogidas de D. Francisco de Rojas Zorrilla ordenadas en colección por D. Ramón de Mesonero Romanos
Gorde:
| Egile nagusia: | |
|---|---|
| Beste egile batzuk: | |
| Formatua: | Liburua |
| Hizkuntza: | gaztelania |
| Argitaratua: |
Madrid
Imprenta de los Sucesores de Hernando
1908
|
| Edizioa: | 1a. ed |
| Saila: | Biblioteca de AutoresEespañoles, LIV
|
| Gaiak: | |
| Etiketak: |
Etiketa erantsi
Etiketarik gabe, Izan zaitez lehena erregistro honi etiketa jartzen!
|
MARC
| LEADER | 00000nam a2200000 a 4500 | ||
|---|---|---|---|
| 001 | UCJ7133 | ||
| 003 | CL-VaPUC | ||
| 008 | 070124e19080000SP |||||||||||||||||spa|d | ||
| 082 | 0 | 4 | |a 860 |b ROJ |2 21 |
| 100 | 0 | |a Rojas Zorrilla, Francisco de |e author |9 515180 | |
| 700 | |a Mesonero Romanos, Ramón de |e autor |9 321898 | ||
| 245 | 1 | 0 | |a Comedias escogidas de D. Francisco de Rojas Zorrilla ordenadas en colección por D. Ramón de Mesonero Romanos |
| 246 | 1 | 0 | |a Del Rey abajo, ninguno |
| 246 | 1 | 0 | |a Entre bobos anda el juego |
| 250 | |a 1a. ed | ||
| 300 | |a xxiv, 602 p | ||
| 942 | |c BK | ||
| 945 | |d 20070124 00:00:00 |a rinostro | ||
| 260 | |a Madrid |b Imprenta de los Sucesores de Hernando |c 1908 | ||
| 500 | |a 8§, pasta española.- Anteport.- v. en b.- Port.- v. en b | ||
| 650 | 0 | |a Teatro español |9 265077 | |
| 650 | 0 | |a Crítica literaria |9 269189 | |
| 650 | 7 | |a BIOGRAFIA |2 CL-VaPUC |9 504622 | |
| 650 | 7 | |a BIBLIOGRAFIA |2 CL-VaPUC |9 256175 | |
| 583 | |a last modification |c 20070124 00:00:00 |k Rodrigo Vera | ||
| 490 | 0 | |a Biblioteca de AutoresEespañoles, LIV | |
| 999 | |c 323233 |d 323231 | ||
| 952 | |0 0 |1 0 |4 0 |6 860_000000000000000_ROJ_1908 |7 0 |8 X |9 402651 |a FDOBUD |b FDOBUD |d 2019-11-22 |i 105905K |o 860 ROJ 1908 |p 105905K |r 2019-11-22 |w 2019-11-22 |y BK_X |k BUD | ||